Taco Hemingway - Szprycer - Statystyki

Ogólne statystyki
  • Ten quiz został rozwiązany 13 razy
  • Średni wynik to 6 z 9
Statystyki odpowiedzi
Szprycer % Poprawnych
Nostalgia
100%
Dele
85%
Saldo '07
85%
35
77%
Chodź
69%
Głupi byt
62%
I.S.W.T
54%
Karimata (Mute)
54%
Tlen
54%
Nie znaleziono quizów pasujących do podanych kryteriów
Rozkład punktacji
Procent ludzi z każdym wynikiem
Percentyl według liczby udzielonych odpowiedzi
Twoja historia wyników
Nie rozwiązałeś tego quizu